Dicionário da língua portuguesa (Registo nº 197969)

Detalhes MARC
000 -Etiqueta do registo
Valores 00898nam 22002293 4500
010 ## - Número ISBN
ISBN 978-972-47-5539-7
021 ## - Número do Depósito Legal
Código do país Portugal
Número 438370/18
100 ## - Dados gerais de processamento
Dados gerais 20250919d u||y0pory50 ba
200 ## - Titulo e menção de responsabilidade
Título próprio Dicionário da língua portuguesa
Informação de outro título léxico, gramática, prontuário (conforme o novo acordo ortográfico)
Primeira menção de responsabilidade Aldina C. F. Rocha da Vaza, Emília Maria Marçal Amor
Outras menções de responsabilidade consultora cientifica Maria Fernanda Bacelar do Nascimento
205 ## - Menção da edição
Edição
210 ## - Publicação
Local de publicação Lisboa
Nome do editor Texto
Data de publicação 2018
215 ## - Descrição física 
Paginação / Volumes [XXI], 1345 p.
Outras indicações físicas encadernado
Dimensões 24 cm
606 ## - Nome comum usado como assunto
ID Autoridade 13781
Palavra de ordem Obras gerais de referência
Subdivisão assunto Enciclopédias, dicionários, léxicos, glossários
675 ## - CDU
Notação 030
Edição PT
Língua por
700 ## - Autor principal (pessoa individual)
ID Autoridade 3507
Apelido Vaza
Nome Aldina
701 ## - Co-autor principal (pessoa individual)
ID Autoridade 3510
Apelido Amor
Nome Emília Maria Marçal
702 ## - Autor secundário (pessoa individual)
ID Autoridade 11326
Apelido Nascimento
Nome Maria Fernanda Bacelar do
Datas 1941-2021
801 ## - Fonte de origem
País PT
Agência BMMN
Regras de catalogação RPC
830 ## - Notas gerais do catalogador
Criado por Vanda
990 ## - Elementos KOHA
Tipo de documento Livro
Exemplares
Situação do levantamento Biblioteca de origem Código de barras Cota Permissão de empréstimo Tipo de documento Forma de aquisição
  Biblioteca Municipal de Montemor-o-Novo 26161 030 VAZ|LG   Livro Oferta

Powered by Koha